Big business marketing for small business budgets / (Record no. 344294)
[ view plain ]
| 000 -LEADER | |
|---|---|
| fixed length control field | 01135 a2200205 4500 |
| 020 ## - INTERNATIONAL STANDARD BOOK NUMBER | |
| International Standard Book Number | 0071405976 |
| 020 ## - INTERNATIONAL STANDARD BOOK NUMBER | |
| International Standard Book Number | 9780071405973 |
| 082 04 - DEWEY DECIMAL CLASSIFICATION NUMBER | |
| Classification number | 658.8 |
| 090 ## - LOCALLY ASSIGNED LC-TYPE CALL NUMBER (OCLC); LOCAL CALL NUMBER (RLIN) | |
| -- | 1781 |
| -- | 1781 |
| 100 1# - MAIN ENTRY--PERSONAL NAME | |
| Personal name | McMurtry, Jeanette Maw. |
| 245 10 - TITLE STATEMENT | |
| Title | Big business marketing for small business budgets / |
| Statement of responsibility, etc. | Jeanette Maw McMurtry. |
| 250 ## - EDITION STATEMENT | |
| Edition statement | 1st ed. |
| 260 ## - PUBLICATION, DISTRIBUTION, ETC. | |
| Place of publication, distribution, etc. | [S.l.] : |
| Name of publisher, distributor, etc. | McGraw-Hill, |
| Date of publication, distribution, etc. | 2003. |
| 300 ## - PHYSICAL DESCRIPTION | |
| Extent | 256 p. ; |
| Dimensions | 24 cm. |
| 500 ## - GENERAL NOTE | |
| General note | Paperback. |
| 520 ## - SUMMARY, ETC. | |
| Summary, etc. | "Big Business Marketing for Small Business Budgets" is based on research the author did while working for American Express, where she developed a program that measures the direct correlation between marketing and consumer purchasing. This toolkit provides small businesses and entrepreneurs the tools to truly understand their customers and develop a marketing plan to effectively and continually appeal to their emotional and physical needs, keeping them for life. |
| 856 40 - ELECTRONIC LOCATION AND ACCESS | |
| Materials specified | Amazon.com |
| Uniform Resource Identifier | <a href="http://www.amazon.com/exec/obidos/ASIN/0071405976/chopaconline-20">http://www.amazon.com/exec/obidos/ASIN/0071405976/chopaconline-20</a> |
| 856 40 - ELECTRONIC LOCATION AND ACCESS | |
| Materials specified | Amazon customer reviews |
| Uniform Resource Identifier | <a href="http://www.chopac.org/cgi-bin/tools/azrev.pl?q=0071405976">http://www.chopac.org/cgi-bin/tools/azrev.pl?q=0071405976</a> |
| 942 ## - ADDED ENTRY ELEMENTS (KOHA) | |
| Institution code [OBSOLETE] | NBS |
| Koha item type | Book |
| Call number prefix | 658.8 MAW |
| Withdrawn status | Lost status | Damaged status | Not for loan | Permanent Location | Current Location | Date acquired | Total Checkouts | Full call number | Barcode | Date last seen | Price effective from | Koha item type |
|---|---|---|---|---|---|---|---|---|---|---|---|---|
| Central Library (CL) | Central Library (CL) | 08/28/2013 | 658.8 MAW | NBS6941 | 08/28/2013 | 08/28/2013 | Book |
